000 02221cam a22005054i 4500
003 PE-LiUPU
005 20250731173352.0
008 150706s2008 sp rb 000 0 spa d
020 _a9788496488304
035 _a(Sirsi) i9788496488304
040 _aPE-LiUPU
_bspa
_cPE-LiUPU
_erda
049 _aPRUA
082 0 4 _a231.044
_bE49
_221
100 1 _aEmery, Gilles,
_eautor.
245 1 3 _aLa teología trinitaria de Santo Tomás de Aquino /
_cGilles Emery; [tradujo José Antonio Marcén del original francés].
264 1 _aSalamanca :
_bSecretariado Trinitario,
_c[2008]
300 _a616 páginas ;
_c22 centímetros.
336 _atext
_2rdacontent
337 _aunmediated
_2rdamedia
338 _avolume
_2rdacarrier
490 0 _aKoinonia ;
_v44
500 _aTraducción de: La théologie trinitaire de saint Thomas d'Aquin.
504 _aIncluye bibliografía.
505 0 _aLa revelación de la trinidad -- Finalidad de la teología trinitaria especulativa -- Estructura del tratado de Dios Trinidad -- Las procesiones -- Las relaciones -- La persona -- Monoteísmo trinitario -- La persona del Padre -- La persona del Hijo -- La persona del Espíritu Santo -- El Espíritu Santo procede del Padre y del Hijo -- La interioridad recíproca de las personas divinas -- La aprobación -- La creación y el obrar trinitario -- La misión de las personas divinas.
526 _aSEG42
526 _aSEG41
526 _aSEG40
526 _aSEG39
526 _aP94
526 _aP87
526 _aP86
526 _aP85
526 _aP77
526 _aP76
526 _aP35
541 _g007-0020803;
600 1 _aTomás de AquinoSanto
650 0 4 _aTrinidad.
_93711
910 _bjv
_cjvm
_d20100623
942 _2ddc
_cBOOK
949 _a231.044 E49
_wDEWEY
_c1
_i61919
_lCCODEBUL1
_mBUL
_p44.00
_r0
_sY
_tBOOK
_u2015-7-6
_xTEOLOGIA
_PP35
_0COMPRA
_o.STAFF. Colección General
994 _aC0
_bPEPRU
596 _a1
999 _a231.044 E49
_wDEWEY
_c51026
_i61919
_d51026
_e2019-5-12
_f2021-11-9
_g5
_lCCODEBUL1
_mBUL
_n4
_p44.00
_q2
_r0
_sY
_tBOOK
_u2015-7-6
_xTEOLOGIA
_PP35
_0COMPRA
_o.STAFF. Colección Teología
980 _81
_gALBERTO SANCHEZ Responsable de Automatización